Statystyki dla Największe miasta w Polsce na literę Z

Kliknij tutaj aby rozwiązać quiz!

Ogólne statystyki

  • Ten quiz został rozwiązany 3 152 razy
  • Średni wynik to 5 z 10

Statystyki odpowiedzi

Rank.Liczba mieszańcówWojewództwoMiasto% Poprawnych
1.172.360śląskieZabrze
85%
2.141.222lubuskieZielona Góra
79%
3.63.437lubelskieZamość
76%
4.56.190łódzkieZgierz
53%
9.27.010małopolskieZakopane
49%
10.22.018podlaskieZambrów
41%
5.49.204śląskieZawiercie
35%
8.30.231dolnośląskieZgorzelec
29%
7.37.818mazowieckieZąbki
27%
6.41.686łódzkieZduńska Wola
26%

Rozkład punktacji

Percentyl według liczby udzielonych odpowiedzi

Procent ludzi z każdym wynikiem

Twoja historia wyników

Nie rozwiązałeś tego quizu